=LDR 00000nam 2200000 4500 =001 INLIS000000000061741 =005 20221108091552 =035 ##$$a 0010-1122000122 =007 ta =008 221108###########################0###### =082 ##$$a 352.959 865 11 =084 ##$$a 352.959 865 11 KOT b =100 #$$a Kota Mataram. Sekertariat Daerah =245 1#$$a Buletin kegiatan Pimpinan Daerah Edisi III (Juli-September 2021) : $b 28 Tahun Kota Mataram bersama membangun pandemi Covid 19 menuju Mataram Harum =260 ##$$a Mataram :$b Bagian Protokol dan Komunikasi Pimpinan Setda Kota Mataram,$c 2021 =300 ##$$a 37 halaman : $b Ilustrasi ; $c 18 cm =650 #4$$a Pemerintah Daerah - Kota Mataram - Dalam Gambar =990 ##$$a 25782578 =990 ##$$a 25782578 =990 ##$$a 491/51/2022 =990 ##$$a 7202202762 =990 ##$$a 491/51/2022 =990 ##$$a 491/51/2022